000 00655nam a2200229Ia 4500
008 191130s2005##################000#0#eng##
020 _a9780521671354
022 _a2005006329
040 _aACL
_cACL
082 _a302.4 TIL
100 _aTilly, Charles
245 _aTrust and rule
_cCharles Tilly
260 _aCambridge
_bCambridge University Press
_cc2005
300 _axiv, 196 p. ; 24 cm
500 _aIncludes bibliographical references (p. 163-186) and index
650 _aDemocratization
650 _aSocial networks
650 _aTrust
990 _a6c0d4399ac10000c5a8ea9d28e330b02
991 _a183535
999 _c83494
_d83494